000 00908nam a22002897a 4500
001 BR7312059
003 BR-BrBNA
005 20230928084241.0
007 ta
008 230509b bl.||||| |||| 00| 0 por d
040 _aBR-BrBNA
_bpor
_cBiblioteca Nacional de Agricultura
041 _a(Por)
072 _aE70; F00; Q10
_b1126
_b1112
_b1160
_b9140
_b/G514
090 _ 1126 BR7312059
110 1 _aSuperintendencia do Desenvolvimento do Nordeste, Recife, PE (Brasil). Depto. de Agricultura e Abastecimento
245 1 _aEstudo de mercado de produtos agropecuarios do nordeste, abacaxi, banana, caju, suco de fruta [Brasil]
260 3 _aRecife, PE (Brasil):
_c1970.
300 _a199 p.
500 _aBibliography (105 ref.)
650 _aABACAXI
650 _aBANANA
650 _aCAJU
650 _aSUCO
650 _aREGIAO NORDESTE
909 _a202309
_bLucia
_c55
_dLucia Elande
942 _cBK
999 _c17708
_d17708